00660nam a2200229 a 4500001001300000003000900013005001700022008004100039020000900080082001400089100001700103245006800120260003100188300000800219500003500227650003000262700001700292902000800309942000700317952009300324999001300417nice12345678IN_TiNIC20260116011334.0070405s1944 teha grp 000 0 per  ac2000a201bMAC1 aMacdonald, M aJohn Waljohn of Japanb Sarguzasht-E-yaknafar-e-mahkum-bi-aedam aTehranbFaroos Pressc1944 a85p aincludes index and biblioraphy aChristian-Biography-India1 aMacdonald, M bRBA cBK 00104070aHMIbHMId2007-05-30g20.00l0o201 MAC1p4419r2007-05-30w2026-01-16yARB c637d637